000 00777nam a2200241Ia 4500
008 191130s2009##################000#0#eng##
020 _a9780199231331
040 _aACL
_cACL
082 _a320 GAR
100 _aGarner, Robert
245 _aIntroduction to politics
_cRobert Garner, Peter Ferdinand, Stephanie Lawson
260 _aOxford
_bOxford University Press
_c2009
300 _axxv, 527 p. : ill. (some col.), maps ; 25 cm
500 _aIncludes bibliographical references (p. 495-512) and index
650 _aInternational relations
650 _aPolitical science
650 _aPolitieke wetenschappen
700 _aFerdinand, Peter
700 _aLawson, Stephanie
990 _a8035cb47ac10000c4ca0a94233a9c301
991 _a193734
999 _c219897
_d219897